| 000 | 00360nam a2200145Ia 4500 | ||
|---|---|---|---|
| 005 | 20251222154400.0 | ||
| 008 | 251222s9999||||xx |||||||||||||| ||spa|| | ||
| 020 | _a9788467235098 | ||
| 082 | _a823.914/R96 | ||
| 100 | _aRushdie, Salman | ||
| 245 | 0 | _aLa Encantadora de Florencia | |
| 250 | _a1ra.ed. | ||
| 264 | _bRandom House Mondadori, S.L. | ||
| 942 | _cLIB | ||
| 999 |
_c35261 _d35261 |
||